000 00581cam a22001935a 4500
001 L155954
008 120423s1865 xxk f 000 0 eng d
035 _a(Sirsi) u155954
041 0 _aeng
100 1 _aHoskyns, Chandos Wren
_d1812-1876
245 0 0 _aTalpa, or, The chronicles of a clay farm
_ban agricultural fragment
250 _a6th ed.
260 _aLondon
_bLongmans, Green, & Co.
_c1865
300 _aviii, 245 p.
_bill.
_c18 cm.
583 _aCondition reviewed
_c20120620
_lcondition level 1
651 4 _aGreat Britain
_y1707-
690 _aRural
_96268
942 _n0
999 _c113941
_d113941